Introducción al cálculo de probabilidades

Kaydedildi:
Detaylı Bibliyografya
Asıl Yazarlar: Gnedenko, Boris Vladimirovich (Yazar), Jinchin, A. I (Yazar)
Materyal Türü: Kitap
Dil:İspanyolca
Baskı/Yayın Bilgisi: Buenos Aires Eudeba 1965
Edisyon:3a. ed
Seri Bilgileri:Cuadernos de Eudeba, 13
Konular:
Etiketler: Etiketle
Etiket eklenmemiş, İlk siz ekleyin!

MARC

LEADER 00000cam a2200000 a 4500
001 UCP2240
003 CL-VaPUC
008 990507e19650000AG |||||||||||||||||spa|d
082 0 4 |a 519.2  |b GNE  |2 21 
100 |a Gnedenko, Boris Vladimirovich  |e author  |9 564111 
700 0 |a Jinchin, A. I  |e author  |9 428807 
245 1 0 |a Introducción al cálculo de probabilidades 
250 |a 3a. ed 
300 |a 82 p 
942 |c BK 
945 |d 19990507 00:00:00  |a crobeson 
260 |a Buenos Aires  |b Eudeba  |c 1965 
650 7 |a CALCULO DE PROBABILIDADES  |2 CL-VaPUC  |9 357433 
650 0 |a Variables aleatorias   |9 270745 
650 7 |a LEY DE DISTRIBUCION  |2 CL-VaPUC  |9 428808 
583 |a last modification  |c 20120814 03:08:20  |k Rodrigo Vera 
490 0 |a Cuadernos de Eudeba, 13 
999 |c 280800  |d 280798 
952 |0 0  |1 0  |4 0  |6 519_200000000000000_GNE_1965  |7 0  |8 A  |9 321306  |a BIBGIM  |b BIBGIM  |d 2019-11-20  |i 1344897  |o 519.2 GNE 1965  |p 1344897  |r 2025-01-15  |w 2019-11-20  |y BK  |k EST 
952 |0 0  |1 0  |4 0  |6 519_200000000000000_GNE_1965  |7 0  |8 A  |9 321307  |a BIBGIM  |b BIBGIM  |d 2019-11-20  |i 4890043  |o 519.2 GNE 1965  |p 4890043  |r 2025-01-15  |w 2019-11-20  |y BK  |k EST